Países cercanos a España A-Z - Estadísticas

Estadísticas generales
  • Esta prueba ha sido intentada 19.187 veces
    19.186 desde el último reinicio
  • La puntuación promedio es 17 de 23
Estadísticas de respuestas
Country % Correcto
A Andorra
97%
F Francia
97%
P Portugal
93%
I Italia
90%
M Marruecos
90%
B Bélgica
88%
D Dinamarca
87%
R Reino Unido
75%
S Suiza
74%
Z Zambia
72%
Y Yemen
71%
G Grecia
66%
O Omán
66%
C Croacia
65%
N Noruega
63%
H Hungría
62%
E Eslovenia
61%
J Jordania
61%
T Túnez
61%
V Vaticano
58%
L Liechtenstein
56%
K Kosovo
53%
U Ucrania
53%
No se encontraron pruebas coincidentes
Distribución de puntuación
Porcentaje de gente con cada puntuación
Porcentaje por número respondido
Historial de tus puntuaciones
No has intentado esta prueba desde el último reinicio